| 000 | 00521nam a2200205Ia 4500 | ||
|---|---|---|---|
| 001 | 54702 | ||
| 008 | 080101n2010 ii |||gr||||Z||||||465 | ||
| 020 | _a9788129113122 | ||
| 041 | _a465 | ||
| 082 | _a954 | ||
| 245 | 0 |
_aThe Hindu History _cAkshoy K. Mazumdar _hTextual Documents |
|
| 250 | _aIst ed. | ||
| 260 |
_aCalcutta _bRupa & Co. _c2010 |
||
| 300 |
_a621pg: _c23cm. |
||
| 500 | _a828/G/Ref | ||
| 653 | _aIndian History | ||
| 653 | _aHistory- Reference | ||
| 700 |
_aMazumdar., _eAkshoy K. ., |
||
| 942 |
_2ddc _cBK |
||
| 999 |
_c54656 _d54656 |
||